000 00292nam a2200109Ia 4500
008 200302s9999 xx 000 0 und d
100 _aCamillo Sitte and Others
245 _aCamillo sitte the birth of modern city planning
260 _bDover publications Inc.
260 _c1986
300 _a440
999 _c6089
_d6089